书目信息 |
| 题名: |
小说年鉴
|
|
| 作者: | ;中国作家协会江西分会 编 | |
| 分册: | 下 | |
| 出版信息: | 南昌 江西人民出版社 1981 |
|
| 页数: | 778页 | |
| 开本: | 19cm | |
| 丛书名: | ||
| 单 册: | ||
| 中图分类: | I247 , I24-54 | |
| 科图分类: | ||
| 主题词: | 小说--中国--1981--年鉴 , 小说--中国 | |
| 电子资源: | ||
| ISBN: | ||
| 000 | 00733nam0 2200265 45 | |
| 001 | 0181001642 | |
| 005 | 20040414104050.1 | |
| 010 | @dCNY1.66 | |
| 091 | @a10110.201 | |
| 100 | @a19950705d1981 em y0chiy0121 ea | |
| 101 | 0 | @achi |
| 102 | @aCN@b360000 | |
| 105 | @ay z 000yy | |
| 106 | @ar | |
| 200 | 10 | @a小说年鉴@h下@Axiao shuo nian jian@f中国作家协会江西分会编 |
| 210 | @a南昌@c江西人民出版社@d1981 | |
| 215 | @a778页@d19cm | |
| 606 | @a小说@y中国@z1981@x年鉴 | |
| 606 | 0 | @a小说@x中国 |
| 690 | @aI247@v3 | |
| 690 | @aI24-54 | |
| 711 | 02 | @a中国作家协会江西分会@Azhong guo zuo jia xie hui jiang xi fen hui@4编 |
| 801 | 0 | @aCN@b上海图书馆@c20040414 |
| 801 | 2 | @aCN@bNLC@c20040414 |
| 905 | @f1@b85921@dI24-54@e18:2 | |
| 小说年鉴.下/中国作家协会江西分会编.-南昌:江西人民出版社,1981 |
| 778页;19cm |
| ISBN :CNY1.66 |
| ● |
| 相关链接 |
|
|
|
|
正题名:小说年鉴
索取号:I24-54/18:2
 
预约/预借
| 序号 | 登录号 | 条形码 | 馆藏地/架位号 | 状态 | 备注 |
| 1 | 0085920 | 000808291 | 第一样本阅览室/ [索取号:I24-54/18:2] | 在馆 | |
| 2 | 0085921 | 000963746 | 第二借阅区/ [索取号:I24-54/18:2] | 在馆 | |
| 3 | 0085922 | 001627822 | 第二借阅区/ [索取号:I24-54/18:2] | 在馆 |